[Event "EU-ch U12 31st"]
[Site "Mamaia"]
[Date "2023.09.11"]
[Round "6"]
[White "Kocharyan, Vache"]
[Black "Dogan, Umut Anil"]
[Result "0-1"]
[WhiteElo "2034"]
[BlackElo "1859"]
[PlyCount "120"]
[EventDate "2023.09.05"]
[EventType "swiss"]
[EventRounds "9"]
[EventCountry "ROU"]
[SourceTitle "EXT 2024"]
[Source "ChessBase"]
[SourceDate "2023.10.10"]
[SourceVersion "1"]
[SourceVersionDate "2023.10.10"]
[SourceQuality "1"]

1. d4 Nf6 2. c4 e6 3. Nc3 Bb4 4. a3 Bxc3+ 5. bxc3 0-0 6. f3 d5 7. cxd5 exd5 8. e3 b6 9. Bd3 Ba6 10. Ne2 Bxd3 11. Qxd3 c5 12. 0-0 Re8 13. a4 Nc6 14. Ng3 Rc8 15. Rd1 h5 16. Rb1 Na5 17. dxc5 Rxc5 18. Ne4 Rc8 19. Nxf6+ Qxf6 20. Rb5 Rxc3 21. Qxd5 Rc2 22. Qd7 Rec8 23. Ba3 Qc3 24. Qe7 Nc6 25. Qe4 Re2 26. Qd3 Rxe3 27. Qxc3 Rxc3 28. Bb2 Rc5 29. Rxc5 bxc5 30. Rc1 Na5 31. Kf2 f6 32. Rc2 Kf7 33. Bd4 Nb7 34. Ke2 Ke6 35. Bf2 Kd5 36. Kd3 Nd6 37. Rb2 Rc7 38. Kc3 Rb7 39. Rxb7 Nxb7 40. Bg3 a6 41. Bb8 Nd8 42. Bf4 Ne6 43. Bg3 Nd4 44. Bf2 Ne2+ 45. Kd2 Nf4 46. g3 Nh3 47. Be3 Ng5 48. Bxg5 fxg5 49. Kc3 a5 50. Kd3 c4+ 51. Kc3 Kc5 52. h4 gxh4 53. gxh4 g6 54. f4 Kd5 55. Kc2 Kd4 56. Kd2 c3+ 57. Kc2 Kc4 58. Kc1 Kb3 59. Kb1 Kxa4 60. f5 gxf5 0-1

[Event "EU-ch U12 31st"]
[Site "Mamaia"]
[Date "2023.08.09"]
[Round "5"]
[White "Kocharyan, Vache"]
[Black "Soghomonyan, Tigran"]
[Result "1/2-1/2"]
[WhiteElo "2034"]
[BlackElo "1510"]
[PlyCount "55"]
[EventDate "2023.09.05"]
[EventType "swiss"]
[EventRounds "9"]
[EventCountry "ROU"]
[SourceTitle "EXT 2024"]
[Source "ChessBase"]
[SourceDate "2023.10.10"]
[SourceVersion "1"]
[SourceVersionDate "2023.10.10"]
[SourceQuality "1"]

1. d4 Nf6 2. Nf3 e6 3. c4 Bb4+ 4. Bd2 Be7 5. g3 c5 6. Bg2 cxd4 7. Nxd4 Nc6 8. Bc3 0-0 9. 0-0 d5 10. Nd2 Bd7 11. e3 dxc4 12. Nxc4 Nd5 13. Nxc6 Bxc6 14. Bd4 Nb4 15. Qg4 Bf6 16. Bxc6 Nxc6 17. Bc5 Be7 18. Rfd1 Qc7 19. Bxe7 Qxe7 20. Rac1 Rad8 21. Kg2 h6 22. h4 Qb4 23. Qf4 Rd5 24. a3 Qb3 25. Rxd5 exd5 26. Rc3 Qb5 27. Nd6 Qxb2 28. Rd3 1/2-1/2

[Event "Liberec op 22nd"]
[Site "Liberec"]
[Date "2023.03.02"]
[Round "8"]
[White "Cakl, Zdenek"]
[Black "Kocharyan, Vache"]
[Result "1-0"]
[WhiteElo "2079"]
[BlackElo "1835"]
[PlyCount "73"]
[EventDate "2023.02.24"]
[EventType "swiss"]
[EventRounds "9"]
[EventCountry "CZE"]
[SourceTitle "CBM 213 Extra"]
[Source "ChessBase"]
[SourceDate "2023.05.31"]
[SourceVersion "1"]
[SourceVersionDate "2023.05.31"]
[SourceQuality "1"]

1. Nf3 d5 2. b3 Bf5 3. Bb2 e6 4. g3 Nf6 5. Bg2 Be7 6. c4 h6 7. 0-0 0-0 8. d3 a5 9. a3 Nc6 10. cxd5 exd5 11. Nc3 Re8 12. Qc2 Bf8 13. Rac1 Bh7 14. Rfe1 Qe7 15. Nb5 Rac8 16. Bh3 Nd7 17. Nh4 Qd8 18. Nf5 g6 19. Qc3 Nce5 20. Ne3 f5 21. f4 Nf7 22. Nxd5 c6 23. Nd6 cxd5 24. Nxc8 Nc5 25. Bg2 Ne6 26. Qf6 Qd7 27. Qc3 Bg7 28. Qc2 Bxb2 29. Qxb2 Rxc8 30. Rxc8+ Qxc8 31. Rc1 Qd8 32. Qc3 Qb6+ 33. Kh1 Qe3 34. Bxd5 Nd4 35. Qc7 Qe8 36. Bxf7+ Qxf7 37. Qd8+ 1-0

[Event "Liberec op 22nd"]
[Site "Liberec"]
[Date "2023.02.28"]
[Round "6"]
[White "Gibala, Adam"]
[Black "Kocharyan, Vache"]
[Result "1-0"]
[WhiteElo "1775"]
[BlackElo "1835"]
[PlyCount "147"]
[EventDate "2023.02.24"]
[EventType "swiss"]
[EventRounds "9"]
[EventCountry "CZE"]
[SourceTitle "CBM 213 Extra"]
[Source "ChessBase"]
[SourceDate "2023.05.31"]
[SourceVersion "1"]
[SourceVersionDate "2023.05.31"]
[SourceQuality "1"]

1. Nf3 d5 2. g3 Nf6 3. Bg2 e6 4. 0-0 Be7 5. d4 0-0 6. c4 dxc4 7. Qa4 a6 8. Qxc4 b5 9. Qc2 Bb7 10. Bf4 Nd5 11. Bd2 Nd7 12. Nc3 c5 13. a3 Rc8 14. Rfd1 Nxc3 15. Qxc3 Bf6 16. Qa5 Qxa5 17. Bxa5 Bxf3 18. Bxf3 cxd4 19. Rac1 Ne5 20. Bb7 Rb8 21. Be4 Nc4 22. Bb4 Rfd8 23. b3 a5 24. bxc4 axb4 25. axb4 bxc4 26. Rxc4 Be7 27. Rb1 Rb6 28. b5 f5 29. Bc6 e5 30. f3 Kf7 31. Ra1 Ke6 32. Ra6 Rdb8 33. Rca4 g6 34. Kg2 h5 35. Ra7 Kf6 36. Rc7 Bd6 37. Rd7 Ke6 38. Rg7 Kf6 39. Raa7 Rxb5 40. Rgd7 Ke6 41. Bxb5 Rxb5 42. Rd8 Bc5 43. Rg7 g5 44. Rg6+ Kf7 45. Rh6 Rb2 46. Rd7+ Ke8 47. Rc7 Bf8 48. Rh8 Rb8 49. Rxh5 e4 50. fxe4 fxe4 51. Rxg5 d3 52. exd3 exd3 53. Re5+ Kd8 54. Rc3 Rb2+ 55. Kf3 d2 56. Rd3+ Kc7 57. Ke2 Bh6 58. h4 Rb1 59. Re7+ Kc8 60. Rxd2 Bxd2 61. Kxd2 Kd8 62. Re3 Kd7 63. Ke2 Kd6 64. Kf3 Kd5 65. Kg4 Kd4 66. Re8 Kd5 67. h5 Rh1 68. Kg5 Kd6 69. g4 Kd7 70. Re4 Kd6 71. h6 Kd5 72. Re8 Kd6 73. Kg6 Kd7 74. Re4 1-0

[Event "Liberec op 22nd"]
[Site "Liberec"]
[Date "2023.02.25"]
[Round "2"]
[White "Solnicki, Michal"]
[Black "Kocharyan, Vache"]
[Result "0-1"]
[WhiteElo "2120"]
[BlackElo "1835"]
[PlyCount "90"]
[EventDate "2023.02.24"]
[EventType "swiss"]
[EventRounds "9"]
[EventCountry "CZE"]
[SourceTitle "CBM 213 Extra"]
[Source "ChessBase"]
[SourceDate "2023.05.31"]
[SourceVersion "1"]
[SourceVersionDate "2023.05.31"]
[SourceQuality "1"]

1. Nf3 d5 2. c4 Nf6 3. cxd5 Nxd5 4. g3 c5 5. Bg2 Nc6 6. Nc3 Nf6 7. d3 e6 8. 0-0 Be7 9. Nd2 Bd7 10. Nc4 0-0 11. Bf4 Be8 12. Nb5 e5 13. Bg5 a6 14. Nc3 h6 15. Bxf6 Bxf6 16. Nd5 b5 17. Nce3 Be7 18. Rc1 Rc8 19. Bh3 f5 20. Nxe7+ Nxe7 21. Qb3+ Kh8 22. Qe6 f4 23. Ng2 Qc7 24. b4 c4 25. Qxa6 Rf6 26. Qa3 Rd8 27. dxc4 bxc4 28. Qc3 Nd5 29. Qb2 c3 30. Qb3 Bb5 31. Rfe1 Qa7 32. gxf4 exf4 33. Nh4 g5 34. Nf3 g4 35. Bxg4 Qg7 36. Kh1 Qxg4 37. Rxc3 Nxc3 38. Qxc3 Qe6 39. Ne5 Kg8 40. f3 h5 41. a4 Bxa4 42. Ra1 Bc6 43. Ra7 Rf7 44. Ra6 Qh3 45. Ng6 Qf1# 0-1

[Event "Wch U10"]
[Site "Batumi"]
[Date "2022.09.25"]
[Round "9"]
[White "Kocharyan, Vache"]
[Black "Vivaan, Vishal Shah"]
[Result "1-0"]
[WhiteElo "1627"]
[BlackElo "1899"]
[PlyCount "71"]
[EventDate "2022.09.16"]
[EventType "swiss"]
[EventRounds "11"]
[EventCountry "GEO"]
[SourceTitle "EXT 2023"]
[Source "ChessBase"]
[SourceDate "2022.10.05"]
[SourceVersion "1"]
[SourceVersionDate "2022.10.05"]
[SourceQuality "1"]

1. d4 Nf6 2. Nf3 g6 3. Nbd2 d5 4. b4 Bg7 5. e3 0-0 6. Be2 Nbd7 7. 0-0 c6 8. Bb2 Re8 9. c4 e6 10. Qb3 Ne4 11. Rfd1 f5 12. Ne5 Nxe5 13. dxe5 a5 14. a3 b6 15. f4 axb4 16. axb4 Rxa1 17. Bxa1 Nxd2 18. Rxd2 Bb7 19. cxd5 exd5 20. b5 c5 21. Bc4 Kh8 22. Bxd5 Re7 23. Bc3 Rd7 24. Bxb7 Rxd2 25. Bxd2 Qxd2 26. h3 Qc1+ 27. Kh2 c4 28. Qa4 h5 29. Bd5 c3 30. Qa8+ Kh7 31. Bg8+ Kh8 32. Bf7+ Kh7 33. Qc6 Qxe3 34. Qxg6+ Kh8 35. Qxh5+ Bh6 36. Qxh6# 1-0

[Event "Wch U10"]
[Site "Batumi"]
[Date "2022.09.21"]
[Round "6"]
[White "Kocharyan, Vache"]
[Black "Lacan Rus, David"]
[Result "1-0"]
[WhiteElo "1627"]
[BlackElo "1886"]
[PlyCount "83"]
[EventDate "2022.09.16"]
[EventType "swiss"]
[EventRounds "11"]
[EventCountry "GEO"]
[SourceTitle "EXT 2023"]
[Source "ChessBase"]
[SourceDate "2022.10.05"]
[SourceVersion "1"]
[SourceVersionDate "2022.10.05"]
[SourceQuality "1"]

1. d4 Nf6 2. Nf3 g6 3. Nc3 d5 4. Bf4 Nh5 5. Be5 f6 6. Bg3 Bh6 7. e3 0-0 8. Bd3 c6 9. Nh4 Nd7 10. Nf5 Bg7 11. Bh4 Qe8 12. g4 gxf5 13. gxh5 e6 14. Rg1 Kh8 15. Qf3 Bh6 16. Ne2 b6 17. Bg3 Rg8 18. 0-0-0 Qf7 19. Bd6 Bb7 20. Kb1 a6 21. c3 c5 22. Bc2 Rac8 23. h3 c4 24. Bf4 Bxf4 25. Nxf4 b5 26. Nxe6 b4 27. Qxf5 Bc6 28. Ng5 Qxh5 29. Nxh7 Qxf5 30. Bxf5 bxc3 31. bxc3 Rxg1 32. Rxg1 Rb8+ 33. Kc1 Nb6 34. Bc2 Nd7 35. Rg6 Rg8 36. Rg4 Rg7 37. Rh4 Rg1+ 38. Kd2 Kg7 39. Rg4+ Rxg4 40. hxg4 Kh6 41. f4 a5 42. Nxf6 1-0